000 00609nam a22001937a 4500
003 OSt
005 20251216085018.0
008 251216b |||||||| |||| 00| 0 eng d
020 _a0-07-119547-5.
040 _aDWCL-Main lib
_cOC
082 _211th ed.
_aGR. 658.15 H474t 2003
100 _aErich A. Helfert
245 _aTechniques of financial analysis :
_ba guide to value creation
_cErich A. Helfert
260 _aN. Y. :
_bMcGraw-Hill/Irwin,
_cc2003.
300 _axxiv, 570 pages :
_billustration ;
_c23 cm.
650 _21. Cash Flow.
650 _22. Corporations-Finance.
942 _2ddc
_cGR
_kGR.
_n0
999 _c7142
_d7142